000 00664nam a2200241Ia 4500
003 OSt
005 20220924122733.0
006 a|||||r|||| 00| 0
007 ta
008 220923b |||||||| |||| 00| 0 urd d
020 _c1.50
024 _a311271
037 _cTextual
040 _aARTS
_cARTS
_burd
041 _2urd
_aurd
082 _aO168,10Q7, B7
100 _aTasleem Mohammad Saleemuddin Ahmad
_9190533
245 0 _aHadeeqatul mazhab
260 _aLucknow
_bMatbe Yusufi India
_c1887
650 _aURDU POETRY
942 _hO168,10Q7, B7
_cTEXL
_2CC
999 _c412876
_d412876